Evropská unie, největší obchodní partner České republiky

Postupná integrácia ČR do Európskej únie na základe Európskej dohody. Ustanovenia Európskej dohody upravujúcej obchod s tovarom medzi ČR a EÚ. Vývoj zahranično-obchodnej výmeny ČR a EÚ v rokoch 1989-1995. Objem celkového českého vývozu a dovozu. Teritoriálna a tovarová štruktúra zahraničného obchodu...

ver descrição completa

Na minha lista:
Detalhes bibliográficos
Autor principal: Hnídková, A.
Formato: Capítulo de Livro
Idioma:tcheco
Assuntos:
Tags: Adicionar Tag
Sem tags, seja o primeiro a adicionar uma tag!

MARC

LEADER 00000naa a2200000 4500
001 r020503
005 20230418124911.2
041 0 |a cze 
044 |a CZ 
245 1 0 |a Evropská unie, největší obchodní partner České republiky  |c A. Hnídková 
520 |a Postupná integrácia ČR do Európskej únie na základe Európskej dohody. Ustanovenia Európskej dohody upravujúcej obchod s tovarom medzi ČR a EÚ. Vývoj zahranično-obchodnej výmeny ČR a EÚ v rokoch 1989-1995. Objem celkového českého vývozu a dovozu. Teritoriálna a tovarová štruktúra zahraničného obchodu ČR s EÚ. Mimoriadne ochranné opatrenia v obchodných vzťahoch. 
610 2 0 |a integrácia ekonomická medzinárodná 
610 2 0 |a Česko 
610 2 0 |a Európska únia 
610 2 0 |a výmena tovarová 
610 2 0 |a obchod zahraničný 
610 2 0 |a dovoz 
610 2 0 |a vývoz 
610 2 0 |a údaje štatistické 
610 2 0 |a 1989-1995 
100 1 |a Hnídková, A.